=LDR 00000nam 2200000 4500 =001 INLIS000000000014738 =005 20130612110021 =008 ***********************************Ind** =035 ##$$0010-061300000014738 =041 ##$$a Ind =082 ##$$a 500 =090 ##$$a 500, Ilm/ VI =245 ##$$a Ilmu pegetahuan populer jilid 6, Kehidupan tumbuhan kehidupan hewan =260 ##$$a 2004 $b Jakarta =300 ##$$a 295 hlm , Il, 30 cm =650 ##$$a sains populer =850 ##$$a NBPNMAT